000 00488nam a22001697a 4500
999 _c23697
_d23697
003 BDDh-ASL
005 20231015030256.0
008 210402s1978 r ||||| |||| 00| 0 eng d
040 _aBDDh-ASL
_cBDDh-ASL
082 _a921.2
_bALE
100 1 _93598
_aHerzen, Alexander Ivanovich
_d1812-1870
245 1 0 _aAlexander Herzen: Who is to Blame? /
260 _aMoscow:
_bProgress Publishers,
_c1978.
300 _a274 p. :
_bills. ;
_c21 cm.
650 0 _91339
_aBiography
942 _2ddc
_cBK